000 00671nam a2200205Ia 4500
001 7370
003 GE_BSU
008 181216s||||||||xx |||||||||||||| ||und||
040 _cGE_BSU
080 _a621.87
100 _aГохберг,М.М.
245 _aМеталлические конструкции подъемнотранспортных машин.
245 _cРед. В,Д.Васильева.
260 _aМ.-Л.
260 _bМашиностроение.
260 _c1964.
300 _a336стр.20см.с илл.
653 _aМеталлические конструкции подъемнотранспортных машин.
942 _cBK
999 _c40731
_d40731